Most Populated Cities in the United States by Population - Statistics

General Stats
  • This quiz has been taken 62 times
    57 since last reset
  • The average score is 20 of 50
Answer Stats
Picture Answer % Correct
New York City
100%
Los Angeles
98%
Chicago
93%
Phoenix
89%
Houston
82%
Philadelphia
77%
Washington D.C
68%
Seattle
64%
Dallas
59%
Las Vegas
59%
San Antonio
57%
Miami
52%
San Diego
52%
San Jose
48%
Boston
43%
San Francisco
43%
Indianapolis
41%
Austin
39%
Denver
39%
Nashville
39%
Portland
39%
Charlotte
36%
Columbus
36%
Fort Worth
36%
Atlanta
34%
Jacksonville
34%
Oklahoma City
34%
Baltimore
32%
Detroit
32%
El Paso
32%
Memphis
30%
Tucson
30%
Fresno
25%
Minneapolis
25%
Omaha
25%
Virginia Beach
25%
Albuquerque
23%
Kansas City
23%
Long Beach
23%
Mesa
23%
Milwaukee
23%
Sacramento
20%
Arlington
18%
Colorado Springs
18%
Louisville
18%
Raleigh
18%
Tulsa
18%
Oakland
11%
Wichita
7%
Bakersfield
5%
No matching quizzes found
Score Distribution
Percent of People with Each Score
Percentile by Number Answered
Your Score History
You have not taken this quiz since the last reset